000 00479nam a2200193Ia 4500
008 230125s9999 xx 000 0 und d
020 _a0-07-137429-9
041 _aeng
082 _a658
_bSTE
100 _aRasiel E M
_9113485
245 _aThe Mckinsey mind
260 _c2002
_bMcGraw-Hill
_aNew York
300 _a238p
500 _aBiography
500 _aGeneral Management
650 _aManagement
700 _aRasiel E M & Friga P N
_9113486
999 _c90631
_d90631